The British Empire in Australia : an economic history 1834-1939 /

Saved in:
Bibliographic Details
Main Author: Fitzpatrick, Brian, 1905-1965
Format: Book
Language:English
Published: Melbourne : Melbourne University Press in association with Oxford University Press, 1941
Subjects:
LEADER 01278nam a2200301 a 4500
001 c000051881
003 CARM
005 00000000000000.0
008 850306s1941 vra b 00110 eng d
019 1 |a 23842052  |z 24311753  |z 3366291  |z 55547267  |5 LACONCORD2021 
035 |a (OCoLC)2860453  |5 LACONCORD2021 
040 |a ANL  |c ANL 
042 |a anuc 
043 |a u-at---  |a e-uk--- 
082 1 |a 330.99403  |2 19 
100 1 |a Fitzpatrick, Brian,  |d 1905-1965. 
245 1 4 |a The British Empire in Australia :  |b an economic history 1834-1939 /  |c by Brian Fitzpatrick. 
260 |a Melbourne :  |b Melbourne University Press in association with Oxford University Press,  |c 1941  |e (Melbourne :  |f Brown, Prior, Anderson Ltd.) 
300 |a xxxii, 529 p. ;  |c 23 cm. 
500 |a Includes index. 
504 |a Includes bibliographical references. 
610 1 0 |a Australia  |x History  |y 1788-1851. 
610 1 0 |a Australia  |x Economic conditions  |y 1901-1945. 
651 0 |a Australia  |x Economic conditions  |y 1788-1900. 
651 0 |a Great Britain  |x History  |y 19th century. 
852 8 |b CARM  |h A2:AI22B0  |i B04502  |p 0204194  |f BK 
999 f f |i 1433a81d-52a8-5b8e-92b3-8dccf2cceee1  |s 71df764d-b875-572d-a8a5-3dba6f56e663 
952 f f |p Can circulate  |a CAVAL  |b CAVAL  |c CAVAL  |d CARM 1 Store  |e B04502  |f A2:AI22B0  |h Other scheme  |i book  |m 0204194